书目信息 |
| 题名: |
道德与精神文明
|
|
| 作者: | ;中国社会科学院哲学研究所伦理学研究室 编 | |
| 分册: | ||
| 出版信息: | 上海 上海人民出版社 1983 |
|
| 页数: | 430页 | |
| 开本: | 19cm | |
| 丛书名: | ||
| 单 册: | ||
| 中图分类: | B821.1-49 , B821 | |
| 科图分类: | ||
| 主题词: | 共产主义道德--通俗读物 , 精神文明--通俗读物 | |
| 电子资源: | ||
| ISBN: | ||
| 000 | 00775nam0 2200253 45 | |
| 001 | 0964948947 | |
| 005 | 20090928180323.50 | |
| 010 | @dCNY0.98 | |
| 091 | @aCN@b2074.409 | |
| 100 | @a19950523d1983 em y0chiy0121 ea | |
| 101 | 0 | @achi |
| 102 | @aCN@b310000 | |
| 105 | @ay z 000yy | |
| 200 | 10 | @a道德与精神文明@Adao de yu jing shen wen ming@f中国社会科学院哲学研究所伦理学研究室编 |
| 210 | @a上海@c上海人民出版社@d1983 | |
| 215 | @a430页@d19cm | |
| 606 | 0 | @a共产主义道德@x通俗读物 |
| 606 | 0 | @a精神文明@x通俗读物 |
| 690 | @aB821.1-49@v3 | |
| 690 | @aB821@v4 | |
| 711 | 02 | @a中国社会科学院哲学研究所伦理学研究室@Azhong guo she hui ke xue yuan zhe xue yan jiu suo lun li xue yan jiu shi@4编 |
| 801 | 0 | @aCN@bTSSF |
| 801 | 2 | @aCN@bNLC |
| 905 | @a10447@dB821@eJY35 | |
| 道德与精神文明/中国社会科学院哲学研究所伦理学研究室编.-上海:上海人民出版社,1983 |
| 430页;19cm |
| ISBN :CNY0.98 |
| ● |
| 相关链接 |
|
|
|
|
正题名:道德与精神文明
索取号:B821/JY35
 
预约/预借
| 序号 | 登录号 | 条形码 | 馆藏地/架位号 | 状态 | 备注 |
| 1 | 7820295 | 278202954 | 学院路分馆/ [索取号:B821/JY35] | 在馆 | |
| 2 | 7820296 | 278202963 | 学院路分馆/ [索取号:B821/JY35] | 在馆 |